000 00674nam a2200181 i 4500
001 94210
003 ES-MaACL
005 20240511063026.0
007 t|
008 050706s1903 sp ||||1| spa d
100 1 _aMoliner y Nicolás, Francisco,
_d1851-1915
_981984
245 1 0 _aDiscursos pronunciados en el Congreso por el Dr. D. Francisco Moliner sobre reforma sanitaria y cuestión obrera /
_ccarta prólogo del Dr. Moliner.
260 _aValencia :
_b[s.n.],
_c1903 (
_fImpr. de F. Martínez Andreu)
300 _a94 p. ;
_c21 cm.
500 _aPrecede al título: Medicina política o social.
852 _aES-MaACL
_jT-1019-F-2
999 _c94210
_d94210